Project management : (Record no. 8958)
[ view plain ]
| 000 -LEADER | |
|---|---|
| fixed length control field | 02091nam a22003975a 4500 |
| 003 - CONTROL NUMBER IDENTIFIER | |
| control field | EG-ScBUE |
| 005 - DATE AND TIME OF LATEST TRANSACTION | |
| control field | 20200316122950.0 |
| 008 - FIXED-LENGTH DATA ELEMENTS--GENERAL INFORMATION | |
| fixed length control field | 110310t2006 njua f b 001 0deng d |
| 020 ## - INTERNATIONAL STANDARD BOOK NUMBER | |
| International Standard Book Number | 0471741876 |
| 020 ## - INTERNATIONAL STANDARD BOOK NUMBER | |
| International Standard Book Number | 9780471741879 |
| 035 ## - SYSTEM CONTROL NUMBER | |
| System control number | (OCoLC)ocm61757016 |
| 040 ## - CATALOGING SOURCE | |
| Original cataloging agency | EG-ScBUE |
| Language of cataloging | eng |
| Description conventions | rda |
| Transcribing agency | EG-ScBUE |
| Modifying agency | EG-ScBUE |
| 082 04 - DEWEY DECIMAL CLASSIFICATION NUMBER | |
| Classification number | 658.404 |
| Item number | KER |
| Edition number | 22 |
| 100 1# - MAIN ENTRY--PERSONAL NAME | |
| Personal name | Kerzner, Harold, |
| Relator term | author. |
| 9 (RLIN) | 22489 |
| 245 10 - TITLE STATEMENT | |
| Title | Project management : |
| Remainder of title | a systems approach to planning, scheduling, and controlling / |
| Statement of responsibility, etc | Harold Kerzner, Ph.D., division of business administration, Baldwin-Wallace College, Berea, Ohio. |
| 250 ## - EDITION STATEMENT | |
| Edition statement | Ninth edition. |
| 264 #1 - PUBLICATION, DISTRIBUTION, ETC. (IMPRINT) | |
| Place of publication, distribution, etc | Hoboken, New Jersey : |
| Name of publisher, distributor, etc | John Wiley & Sons, Inc., |
| Date of publication, distribution, etc | [2006] |
| 264 #4 - PUBLICATION, DISTRIBUTION, ETC. (IMPRINT) | |
| Date of publication, distribution, etc | c2006 |
| 300 ## - PHYSICAL DESCRIPTION | |
| Extent | xxi, 1014 pages : |
| Other physical details | illustrations (some color) ; |
| Dimensions | 25 cm |
| 336 ## - CONTENT TYPE | |
| Source | rdacontent |
| Content type term | text |
| Content type code | txt |
| 337 ## - MEDIA TYPE | |
| Source | rdamedia |
| Media type term | unmediated |
| Media type code | n |
| 338 ## - CARRIER TYPE | |
| Source | rdacarrier |
| Carrier type term | volume |
| Carrier type code | nc |
| 500 ## - GENERAL NOTE | |
| General note | Includes appendix. |
| 504 ## - BIBLIOGRAPHY, ETC. NOTE | |
| Bibliography, etc | Includes bibliographical references and index. |
| 520 ## - SUMMARY, ETC. | |
| Summary, etc | This Ninth Edition of the industry-leading project management ?bible? applies its streamlined approach to new, authoritative coverage aligned with the Project Management Institute{u2019}s Project Management Body of Knowledge (PMI{u2019}s PMBOK), the new mandatory source of training for the Project Management Professional (PMP) Certification Exam. Written by one of the best-known authorities on the subject, this extraordinary edition gives a profound understanding of project management. |
| 650 #7 - SUBJECT ADDED ENTRY--TOPICAL TERM | |
| Topical term or geographic name as entry element | Project management. |
| Source of heading or term | BUEsh |
| 9 (RLIN) | 22490 |
| 650 #7 - SUBJECT ADDED ENTRY--TOPICAL TERM | |
| Topical term or geographic name as entry element | Small business |
| General subdivision | Management. |
| Source of heading or term | BUEsh |
| 651 ## - SUBJECT ADDED ENTRY--GEOGRAPHIC NAME | |
| Source of heading or term | BUEsh |
| 653 ## - INDEX TERM--UNCONTROLLED | |
| Resource For college | BAEPS, Business Administration |
| Arrived date list | March2020 |
| 655 ## - INDEX TERM--GENRE/FORM | |
| Form subdivision | Reading book |
| 9 (RLIN) | 34232 |
| 856 41 - ELECTRONIC LOCATION AND ACCESS | |
| Materials specified | Table of contents only |
| Uniform Resource Identifier | <a href="http://www.loc.gov/catdir/toc/ecip061/2005028958.html">http://www.loc.gov/catdir/toc/ecip061/2005028958.html</a> |
| 856 41 - ELECTRONIC LOCATION AND ACCESS | |
| Materials specified | Publisher description |
| Uniform Resource Identifier | <a href="http://www.loc.gov/catdir/enhancements/fy0645/2005028958-d.html">http://www.loc.gov/catdir/enhancements/fy0645/2005028958-d.html</a> |
| 856 41 - ELECTRONIC LOCATION AND ACCESS | |
| Materials specified | Contributor biographical information |
| Uniform Resource Identifier | <a href="http://www.loc.gov/catdir/enhancements/fy0660/2005028958-b.html">http://www.loc.gov/catdir/enhancements/fy0660/2005028958-b.html</a> |
| 942 ## - ADDED ENTRY ELEMENTS (KOHA) | |
| Koha item type | Book - Borrowing |
| Call number prefix | 658.404 KER |
| Source of classification or shelving scheme | Dewey Decimal Classification |
| Withdrawn status | Lost status | Source of classification or shelving scheme | Damaged status | Not for loan | Home library | Current library | Shelving location | Date acquired | Source of acquisition | Total Checkouts | Total Renewals | Full call number | Barcode | Date last seen | Date checked out | Koha item type | Collection code | Price effective from |
|---|---|---|---|---|---|---|---|---|---|---|---|---|---|---|---|---|---|---|
| Dewey Decimal Classification | Central Library | Central Library | First floor | 31/03/2008 | Purchase | 10 | 12 | 658.404 KER | 000010881 | 15/07/2025 | 15/02/2016 | Book - Borrowing | ||||||
| Dewey Decimal Classification | Central Library | Central Library | First floor | 31/03/2008 | Purchase | 8 | 32 | 658.404 KER | 000010882 | 15/07/2025 | 18/12/2014 | Book - Borrowing | ||||||
| Dewey Decimal Classification | Central Library | Central Library | First floor | 31/03/2008 | Purchase | 14 | 15 | 658.404 KER | 000010883 | 15/07/2025 | 18/10/2021 | Book - Borrowing | ||||||
| Dewey Decimal Classification | Central Library | Central Library | First floor | 31/03/2008 | Purchase | 658.404 KER | 000010884 | 15/07/2025 | NB - Book (Non borrowing) | |||||||||
| Dewey Decimal Classification | Central Library | Central Library | First floor | 05/03/2009 | 5 | 50 | 658.404 KER | 000015324 | 15/07/2025 | 25/02/2016 | Book - Borrowing | Baccah | 05/03/2009 | |||||
| Dewey Decimal Classification | Central Library | Central Library | First floor | 05/03/2009 | 3 | 3 | 658.404 KER | 000015325 | 15/07/2025 | 02/04/2012 | Book - Borrowing | Baccah | 05/03/2009 | |||||
| Dewey Decimal Classification | Central Library | Central Library | First floor | 05/03/2009 | 9 | 32 | 658.404 KER | 000015278 | 15/07/2025 | 22/11/2021 | Book - Borrowing | Baccah | 05/03/2009 | |||||
| Dewey Decimal Classification | Central Library | Central Library | First floor | 05/03/2009 | 6 | 7 | 658.404 KER | 000015279 | 15/07/2025 | 23/01/2017 | Book - Borrowing | Baccah | 05/03/2009 | |||||
| Dewey Decimal Classification | Central Library | Central Library | First floor | 10/03/2011 | 3 | 15 | 658.404 KER | 000022858 | 15/07/2025 | 13/12/2020 | Book - Borrowing | Baccah | 10/03/2011 | |||||
| Dewey Decimal Classification | Central Library | Central Library | First floor | 10/03/2011 | 1 | 658.404 KER | 000022859 | 15/07/2025 | 26/11/2013 | Book - Borrowing | Baccah | 10/03/2011 | ||||||
| Dewey Decimal Classification | Central Library | Central Library | First floor | 16/03/2020 | Purchase | 658.404 KER | 000049017 | 15/07/2025 | Book - Borrowing | Baccah | 16/03/2020 |